Analýza vývoje zaměstnanosti v roce 1992. Ze zprávy Ministerstva práce a sociálních věcí České republiky.
Zdroje pracovných síl v ČR a ich rozdelenie. Ponuka a dopyt po pracovných silách. Štruktúra zamestnanosti podľa druhu vlastníctva, veľkosti organizácií a odvetví. Sektorová štruktúra zamestnanosti. Reprodukcia pracovných síl a efektívnosť zamestnanosti.
Gespeichert in:
| Format: | Buchkapitel |
|---|---|
| Sprache: | Tschechisch |
| Schlagworte: | |
| Tags: |
Keine Tags, Fügen Sie das erste Tag hinzu!
|
MARC
| LEADER | 00000naa a2200000 4500 | ||
|---|---|---|---|
| 001 | r013265 | ||
| 005 | 20221205080422.7 | ||
| 041 | 0 | |a cze | |
| 044 | |a CZ | ||
| 245 | 1 | 0 | |a Analýza vývoje zaměstnanosti v roce 1992. |b Ze zprávy Ministerstva práce a sociálních věcí České republiky. |
| 520 | |a Zdroje pracovných síl v ČR a ich rozdelenie. Ponuka a dopyt po pracovných silách. Štruktúra zamestnanosti podľa druhu vlastníctva, veľkosti organizácií a odvetví. Sektorová štruktúra zamestnanosti. Reprodukcia pracovných síl a efektívnosť zamestnanosti. | ||
| 610 | 2 | 0 | |a zamestnanosť |
| 610 | 2 | 0 | |a analýza ekonomická |
| 610 | 2 | 0 | |a Čechy |
| 610 | 2 | 0 | |a 1992 |
| 610 | 2 | 0 | |a zdroje pracovné |
| 610 | 2 | 0 | |a sily pracovné |
| 610 | 2 | 0 | |a reprodukcia sily pracovnej |
| 610 | 2 | 0 | |a efektívnosť ekonomická |
| 610 | 2 | 0 | |a údaje štatistické |